|
|
|
|
| LEADER |
01068cam a2200289 a 4500 |
| 001 |
c000189228 |
| 003 |
CARM |
| 005 |
20051208143720.0 |
| 008 |
750818s1976 ctua 001 0 eng |
| 010 |
|
|
|a 75028187
|
| 019 |
1 |
|
|a 742506
|5 LACONCORD2021
|
| 020 |
|
|
|a 0208015574
|
| 035 |
|
|
|a (OCoLC)1622276
|5 LACONCORD2021
|
| 040 |
|
|
|a LC
|b eng
|c LC
|d NSL:R
|
| 043 |
|
|
|a n-us---
|
| 050 |
0 |
0 |
|a Z695.95
|b .H6
|
| 082 |
0 |
4 |
|a 025.3/7
|
| 100 |
1 |
|
|a Hoffman, Herbert H.
|
| 245 |
1 |
0 |
|a What happens in library filing? /
|c By Herbert H. Hoffman.
|
| 260 |
|
|
|a Hamden, Conn. :
|b Linnet Books,
|c 1976.
|
| 300 |
|
|
|a 176 p. :
|b ill. ;
|c 23 cm.
|
| 500 |
|
|
|a Includes index.
|
| 610 |
2 |
0 |
|a American Library Association.
|b Subcommittee on the ALA Rules for Filing Catalog Cards.
|t ALA rules for filing catalog cards.
|
| 650 |
|
0 |
|a Library filing rules.
|
| 852 |
8 |
|
|b CARM
|h A2:AM22B0
|i B05818
|p 0265834
|f BK
|
| 999 |
f |
f |
|i b02d492f-9ab2-514f-bf2b-ec80a797ca35
|s 770e40c9-ebe3-5878-a4e9-83c38e8b08c7
|
| 952 |
f |
f |
|p Can circulate
|a CAVAL
|b CAVAL
|c CAVAL
|d CARM 1 Store
|e B05818
|f A2:AM22B0
|h Other scheme
|i book
|m 0265834
|